Paroles - Discours d'Emmanuel Macron à Davos - Statistiques

Statistiques générales
  • Ce quiz a été pris 58 fois
  • Le résultat moyen est 504 sur 2476
Statistiques - réponses
Paroles % Correct
's
98%
for
96%
for,
96%
sure.
96%
sure,
96%
I
77%
'm
67%
to
67%
a
65%
So
62%
so
62%
so,
62%
So,
62%
some
56%
is
54%
're
54%
it
52%
It
52%
it,
52%
slow,
52%
sometimes
52%
an
48%
be
48%
too
46%
need
42%
and
40%
And
40%
we
38%
We
38%
its
37%
you
37%
reformed,
35%
the
35%
The
35%
us
33%
US
33%
US,
33%
do
31%
are
29%
are.
29%
are,
29%
EU
29%
no
29%
of
29%
can
27%
France
27%
France.
27%
but
25%
But
25%
Europe,
25%
Europe
25%
Europe.
25%
me
25%
me,
25%
needs
25%
on.
25%
on
25%
On
25%
have.
23%
have
23%
have,
23%
in
23%
In
23%
as
21%
time
21%
time,
21%
your
21%
Your
21%
my
19%
our
19%
that
19%
That
19%
that.
19%
that,
19%
they
19%
this
19%
This
19%
world
19%
world,
19%
World
19%
world.
19%
not
17%
United
17%
America,
15%
at
15%
good
15%
should
15%
State
15%
state
15%
Union
15%
Union.
15%
union.
15%
union
15%
want
15%
was
15%
what
15%
where
15%
will
15%
count
13%
European
13%
Germany
13%
has
13%
here,
13%
Here,
13%
here
13%
let
13%
six
13%
States
13%
war
13%
War
13%
when
13%
who
13%
country,
12%
country
12%
does
12%
if
12%
If
12%
one
12%
one.
12%
or
12%
people
12%
President
12%
say.
12%
say,
12%
than
12%
There
12%
there
12%
three
12%
two
12%
Ukraine,
12%
've
12%
wars
12%
wars,
12%
were
12%
with
12%
would
12%
AI,
10%
All
10%
all
10%
American
10%
China,
10%
China.
10%
China
10%
did
10%
help
10%
how
10%
just
10%
like
10%
money
10%
must
10%
protect
10%
right
10%
think
10%
very
10%
because
8%
Because
8%
best
8%
build
8%
by
8%
come,
8%
come
8%
countries
8%
countries,
8%
East
8%
economic
8%
everybody
8%
first
8%
first,
8%
happy
8%
know
8%
law
8%
law,
8%
long
8%
make
8%
new
8%
other
8%
peace,
8%
per
8%
strong
8%
Thank
8%
their
8%
These
8%
these
8%
third
8%
Times
8%
which
8%
ally
6%
been
6%
believe,
6%
believe
6%
defense
6%
even
6%
forum
6%
from
6%
get
6%
Government,
6%
government
6%
great
6%
green
6%
into
6%
Look
6%
look
6%
loyal,
6%
matter
6%
Middle
6%
more
6%
more.
6%
much,
6%
much
6%
Much
6%
needed.
6%
next
6%
nor
6%
North
6%
n't
6%
only
6%
order
6%
order,
6%
others,
6%
others
6%
past
6%
place
6%
place.
6%
power.
6%
protection,
6%
protection.
6%
Protection
6%
protection
6%
reforms
6%
rule
6%
Russian
6%
second
6%
Second
6%
second,
6%
side,
6%
situation
6%
situation,
6%
them
6%
them.
6%
those
6%
way
6%
way,
6%
way.
6%
welcome,
6%
welcome
6%
why
6%
without
6%
Without
6%
Africa.
4%
against
4%
also
4%
away
4%
become
4%
between
4%
both
4%
Both
4%
Business
4%
business
4%
certain
4%
clear
4%
creating
4%
democracy,
4%
early
4%
economy,
4%
economy
4%
Europeans,
4%
Europeans.
4%
Europeans
4%
everything
4%
fact
4%
force.
4%
having
4%
huge
4%
industry,
4%
industry
4%
industry.
4%
international
4%
left
4%
live
4%
lot
4%
macro
4%
made.
4%
mean,
4%
mean
4%
million
4%
month,
4%
Nations
4%
neither
4%
nuclear
4%
ourselves
4%
outside
4%
own
4%
predictable,
4%
project
4%
raw
4%
research
4%
respect
4%
rest
4%
same
4%
science
4%
security
4%
security.
4%
security,
4%
see
4%
speak
4%
stop
4%
threatening
4%
through
4%
tomorrow.
4%
top
4%
towards
4%
use
4%
well
4%
well,
4%
words.
4%
work
4%
year
4%
2026
2%
about
2%
accept
2%
act
2%
act.
2%
aid
2%
aim
2%
answer
2%
answer.
2%
anyone,
2%
Asian
2%
autonomy
2%
banking
2%
being
2%
beyond
2%
budget
2%
building
2%
capita
2%
capital
2%
case
2%
challenge
2%
challenges
2%
Chinese
2%
clearly
2%
clearly,
2%
Commission
2%
companies
2%
companies.
2%
Companies
2%
competition,
2%
competition
2%
competitive,
2%
context,
2%
context
2%
continent,
2%
control
2%
Cooperating
2%
cooperation
2%
cooperation.
2%
critical
2%
deep
2%
defence
2%
defend
2%
deliver
2%
deliver,
2%
Denmark.
2%
development
2%
difference
2%
differences.
2%
different
2%
doing
2%
due
2%
electricity
2%
energy.
2%
energy
2%
ensure
2%
environment.
2%
especially
2%
export
2%
Export
2%
Facing
2%
facing
2%
few
2%
forget
2%
G7
2%
game
2%
game.
2%
gentlemen,
2%
Greenland
2%
growth,
2%
growth
2%
Heads
2%
heads
2%
hesitate
2%
hours
2%
independence,
2%
information,
2%
infrastructure
2%
innovation.
2%
innovation
2%
invest
2%
join
2%
killing
2%
known,
2%
lack
2%
Ladies
2%
large
2%
Larry,
2%
last
2%
leading
2%
losers.
2%
main
2%
Majesties,
2%
major
2%
market
2%
market.
2%
materials,
2%
most
2%
national
2%
normal
2%
now
2%
objective
2%
Obviously,
2%
ones
2%
path
2%
point
2%
politics.
2%
possible
2%
poverty.
2%
powers
2%
prefer
2%
prepared.
2%
present
2%
principle
2%
principles
2%
priority.
2%
priority
2%
private
2%
products
2%
projects
2%
protecting
2%
record,
2%
refuse
2%
regulations
2%
respected
2%
respected,
2%
restore
2%
rules,
2%
rules
2%
scale.
2%
sovereignty.
2%
sovereignty
2%
sovereignty,
2%
space,
2%
started
2%
strategic
2%
strategy
2%
stronger
2%
structure
2%
system.
2%
take
2%
taken
2%
tech,
2%
technological
2%
technologies
2%
technology
2%
threatened
2%
today
2%
today.
2%
trade,
2%
trade
2%
Trade
2%
trade.
2%
try
2%
used
2%
view
2%
view.
2%
violence,
2%
weaken
2%
years.
2%
yet
2%
2024,
0%
450
0%
60
0%
65%
0%
70%
0%
90
0%
absolute
0%
absolutely
0%
accelerate
0%
acceleration.
0%
accepting
0%
access
0%
accessing
0%
accumulation
0%
across
0%
actions.
0%
active
0%
added
0%
address
0%
addressing
0%
adopt
0%
advance
0%
advantage.
0%
agenda.
0%
agenda
0%
aggression
0%
agreements
0%
aligning
0%
Ambassadors,
0%
ambition
0%
ambitions
0%
ambitions,
0%
ambitious
0%
among
0%
another
0%
answers
0%
anti-coercion
0%
anti-industrial
0%
approach
0%
approach,
0%
approaches,
0%
approaches.
0%
assuming
0%
attached
0%
attractive
0%
autocracy
0%
automotive
0%
autonomous
0%
based
0%
behind
0%
blaming
0%
bloc
0%
bodies
0%
bonds
0%
BRICS
0%
bridges
0%
brutality.
0%
brutalization
0%
bullies,
0%
capabilities
0%
capable
0%
capacities
0%
caps
0%
chains,
0%
charter.
0%
checking
0%
chemical
0%
chemical,
0%
chips
0%
clauses,
0%
closely
0%
collective
0%
colonial
0%
combined
0%
commentary.
0%
commercial
0%
commitments
0%
committed
0%
committing
0%
common
0%
comparison
0%
competitiveness.
0%
competitiveness
0%
complacent
0%
complexities.
0%
computing,
0%
concerning
0%
concessions,
0%
concrete
0%
concretely
0%
condemn
0%
conflict
0%
conflicts
0%
consolidate
0%
consumers
0%
continue
0%
contribute
0%
contributing
0%
convergence
0%
cooperations.
0%
cooperative
0%
core
0%
counterproductive
0%
credible
0%
CS3D
0%
CSRD,
0%
current
0%
currently
0%
cyber,
0%
dangerous,
0%
decided
0%
decisions
0%
decisions,
0%
decisive
0%
deepening
0%
delegation
0%
delivers
0%
demand
0%
demands,
0%
demonstrate
0%
deploy
0%
de-risk
0%
destabilizing
0%
desynchronize
0%
devices
0%
diagnosis
0%
dialogue
0%
dialogue,
0%
digital
0%
digital,
0%
direct
0%
discriminate
0%
discussion
0%
Distinguished
0%
distortive
0%
diversify
0%
documents
0%
domestic
0%
during
0%
earths,
0%
economies.
0%
economies
0%
ecosystems
0%
effective
0%
efficiency
0%
efficient
0%
emerging
0%
enables
0%
endless
0%
enforce
0%
enter
0%
epicenter
0%
equities,
0%
equity
0%
escalating
0%
escalation,
0%
escape
0%
etc.
0%
examples
0%
excess
0%
exclude
0%
exercise
0%
exist
0%
expanding
0%
explanation
0%
exported
0%
exports
0%
extremely
0%
Faced
0%
FDIs,
0%
field.
0%
field
0%
fields.
0%
Financial
0%
fix
0%
fixed,
0%
foreign
0%
fourth-year
0%
fragmentation
0%
framework
0%
framework.
0%
frameworks.
0%
frank
0%
fundamentally
0%
G20,
0%
gaps,
0%
GDP
0%
gives
0%
global
0%
governance,
0%
guess
0%
highest
0%
highly
0%
high-quality
0%
holds
0%
hybrid,
0%
identify
0%
imbalances,
0%
imbalances
0%
imperial
0%
implementation,
0%
implementation.
0%
implemented
0%
imports
0%
improve
0%
incentives
0%
includes
0%
including
0%
inhabitants
0%
innovative
0%
insist
0%
insist,
0%
instability,
0%
instrument
0%
instruments,
0%
integration
0%
interests,
0%
interests
0%
invested
0%
investment.
0%
investment
0%
investment,
0%
investments,
0%
issue
0%
issues.
0%
key
0%
key.
0%
killed
0%
Lagarde,
0%
lags
0%
largely
0%
latest
0%
Leaders,
0%
leaders
0%
learned
0%
level
0%
leverage
0%
limiting
0%
literally
0%
longer
0%
low-carbon
0%
marginalization
0%
markets
0%
massive
0%
maximum
0%
measures
0%
mechanism
0%
mentioned
0%
Ministers,
0%
minutes'
0%
model.
0%
months
0%
moral
0%
multilateral
0%
multilateralism
0%
multilateralism.
0%
multiply
0%
mutual
0%
naive.
0%
necessity.
0%
negotiate
0%
Neutral
0%
neutrality
0%
Nobody
0%
non-discrimination
0%
non-discrimination.
0%
normalized,
0%
obstruct
0%
old-fashioned
0%
open
0%
openly
0%
overcapacities,
0%
overconsumption,
0%
overinvested
0%
overinvestment,
0%
overproduction
0%
overwhelm
0%
parallel,
0%
particularly
0%
partner.
0%
partners.
0%
passively
0%
phenomena
0%
pillar
0%
pillar,
0%
pillars
0%
play
0%
playing
0%
plotism,
0%
posture,
0%
potential.
0%
powerful
0%
powerlessness.
0%
practices
0%
precisely
0%
Precisely
0%
predictability.
0%
predictability
0%
preference.
0%
preference
0%
preferences
0%
Presidency
0%
produce
0%
produced
0%
program.
0%
progressively
0%
proposal
0%
protectionism.
0%
protectionist
0%
protectionist,
0%
public
0%
purchasing
0%
purely
0%
quality
0%
quantic,
0%
quantum
0%
races
0%
rare
0%
reaching
0%
react.
0%
realistic
0%
rebalancing
0%
recent
0%
reflected
0%
regarding
0%
regulatory
0%
relentless
0%
remain
0%
require
0%
resilient
0%
responsibility.
0%
responsibility
0%
restoring
0%
results
0%
resurfacing.
0%
revert
0%
rid
0%
role
0%
roots
0%
safeguard
0%
savings
0%
sector
0%
sectors.
0%
sectors,
0%
sectors
0%
securitization
0%
seems
0%
semiconductors,
0%
sense.
0%
serves
0%
settle
0%
share
0%
shared
0%
shift
0%
simple
0%
simplification
0%
simplification.
0%
simplification,
0%
simplify
0%
single
0%
size
0%
solutions.
0%
sort
0%
sources
0%
speed
0%
stability,
0%
stability
0%
stabilize
0%
stable,
0%
standards
0%
startups
0%
still
0%
strengthen
0%
strongest,
0%
structural
0%
submit
0%
subordinate
0%
subsidized
0%
such
0%
sufficient
0%
supply
0%
supply.
0%
supporting
0%
targeting
0%
tariffs
0%
tensions
0%
terawatt
0%
terms
0%
territorial
0%
themselves.
0%
tools
0%
totally
0%
tough
0%
trampled
0%
transfer
0%
transition,
0%
turn
0%
unacceptable,
0%
underconsumption
0%
underfoot,
0%
underinvestment
0%
undermine
0%
undermined.
0%
underpriced
0%
understood
0%
unicorns
0%
unique
0%
value
0%
vassalization
0%
vivid
0%
weakened
0%
weeks
0%
within
0%
world-class
0%
Aucun quiz correspondant
Distribution des résultats
% des personnes avec chaque résultat
Percentile par nombre de réponses
Votre historique - résultats
Vous n’avez pas pris ce quiz